| 000 | 00542nam a22001457a 4500 | ||
|---|---|---|---|
| 020 | _qHard Cover. | ||
| 082 | _a670.5 | ||
| 245 |
_aPROCESS OPTIMIZATION USING DMAIC METHODOLOGY ALONG TAGOUGHI'S DOE APPROACH FOR HTE REDUCTION OF REJECTION REOWRK _cshabaz Ali, Sardar Naqvi |
||
| 260 |
_aIslamabad: _bSMME-NUST. _c2016. |
||
| 650 |
_aMs Thesis. _918721 |
||
| 700 |
_aDr. Shahid Ikramullah Butt. _916240 |
||
| 856 | _uhttp://10.250.8.41:8080/xmlui/handle/123456789/31808 | ||
| 942 |
_2ddc _cTHE |
||
| 999 |
_c529237 _d529237 |
||